|
|
|
|
| LEADER |
00937nam a2200229 a 4500 |
| 001 |
13389107 |
| 008 |
100406s2004 enk b 000 0 eng d |
| 010 |
|
|
|a \\2003065466
|
| 020 |
|
|
|a 1857883330 (alk. paper)
|
| 040 |
|
|
|a DLC
|c DLC
|d DLC
|d BD-DhAAL
|
| 082 |
0 |
0 |
|a 016.158
|2 22
|
| 100 |
1 |
|
|a Butler-Bowdon, Tom,
|d 1967-
|
| 245 |
1 |
0 |
|a 50 success classics :
|b winning wisdom for work and life from 50 landmark books /
|c Tom Butler-Bowdon.
|
| 246 |
3 |
|
|a Fifty success classics
|
| 260 |
|
|
|a London ;
|a Yarmouth, Me. :
|b Nicholas Brealey Pub.,
|c 2004.
|
| 300 |
|
|
|a vi, 315 p. :
|b ill. ;
|c 23 cm.
|
| 504 |
|
|
|a Includes bibliographical references.
|
| 541 |
1 |
|
|e 00010117
|
| 650 |
|
0 |
|a Success
|v Bibliography.
|
| 852 |
4 |
|
|a Ayesha Abed Library
|j General Shelf
|
| 999 |
|
|
|c 7977
|d 7977
|
| 952 |
|
|
|0 0
|1 4
|2 ddc
|4 0
|6 016_158000000000000_BUT
|7 0
|9 9011
|a BRACUL
|b BRACUL
|c GEN
|d 2010-04-06
|l 1
|o 016.158 BUT
|p 3010010117
|r 2010-04-15
|s 2010-04-06
|t 1
|w 2010-04-06
|y BK
|x Koha Inventory 2020
|